000 00866nam a22001577a 4500
003 OSt
005 20150918114841.0
008 150918b xxu||||| |||| 00| 0 eng d
040 _cRUA
082 _aAGR SOK 2006 BO33 Or.1
100 _9756
_aSOK, KHEANG
245 _aEffect ofdifferent hill spacing on phkarumduol rice rice variety in rainy sesion on crop station of royal university of agriculture ,(ឥទ្ធពលចន្លោះគុម្ភខុសៗគ្នា ទៅលើពូជស្រូវផ្ការំដួលនៅក្នុងលក្ខខណ្ឌរដូវវស្សា នៅស្ថានីយ៍ពិសោធន៍ដំណាំន នៃសាកលវិទ្យាល័យភូមិន្ធកសិកម្ម).
260 _aphnom phen
_bRUA
_c2006
300 _aXIV, 49p.
_bill.
_c29cm.
942 _2ddc
_cAGR
999 _c725
_d725